Statistiche per Più grandi città in Italia • A-Z

Clicka qui per fare il quiz!

Statistiche generali

  • Questo quiz è stato fatto 352 volte
  • Il punteggio medio è 14 su 18

Statistiche sulle risposte

#~popCittà italiana% Corretto
R2,973,000Roma
99%
M1,352,000Milano
98%
N970,000Napoli
98%
T887,000Torino
95%
V262,000Venezia
95%
F384,000Firenze
94%
B388,000Bologna
92%
P674,000Palermo
90%
G584,000Genova
88%
C313,000Catania
81%
A101,000Ancona
78%
U99,000Udine
74%
I70,000Imola
71%
L159,000Livorno
67%
S135,000Salerno
63%
O60,000Olbia
56%
E53,000Ercolano
17%
Q71,000Quartu'Sant Helena
6%

Distribuzione punteggi

Percentile per numero di risposta

Percentuale di utenti per punteggio

I tuoi punteggi nel tempo

Non hai fatto questo quiz